[Event "21st ch-EUR Indiv w 2021"]
[Site "Iasi ROU"]
[Date "2021.08.14"]
[Round "6.29"]
[White "Mamedjarova, Turkan"]
[Black "Urh, Zala"]
[Result "0-1"]
[WhiteTitle "WGM"]
[BlackTitle "WIM"]
[WhiteElo "2309"]
[BlackElo "2216"]
[WhiteFideId "13402005"]
[BlackFideId "14611481"]
[EventDate "2021.08.09"]

1. d4 Nf6 2. c4 e6 3. Nc3 Bb4 4. Nf3 d5 5. Bg5 Nbd7 6. cxd5 exd5 7. e3 c5 8. Bd3
Qa5 9. Qc2 c4 10. Bf5 O-O 11. O-O g6 12. Bxd7 Nxd7 13. e4 Bxc3 14. bxc3 f6 15.
Bf4 Re8 16. Rfe1 Nf8 17. e5 Bg4 18. exf6 Bxf3 19. gxf3 Qa6 20. Be5 Nd7 21. Qd2
Nxf6 22. Qg5 Nh5 23. Rab1 b6 24. Kh1 Qc8 25. f4 Rf8 26. Bd6 Rf5 27. Qh6 Rf7 28.
Re3 Qd8 29. Re6 Ng7 30. f5 Nxf5 31. Qf4 Ng7 32. Qe5 Nxe6 33. Qxe6 Qf6 34. Qxf6
Rxf6 35. Bg3 Re8 36. Rb5 Re1+ 37. Kg2 Rf5 38. Be5 Re2 39. Rxd5 Rexf2+ 40. Kg3
R2f3+ 41. Kg4 h5+ 42. Kh4 Rxc3 43. Rd8+ Kf7 44. Rd7+ Ke8 45. Rxa7 Rc1 46. Rg7 c3
47. Rxg6 c2 48. Rc6 Rf2 49. Kg3 Rcf1 50. d5 h4+ 0-1

[Event "21st ch-EUR Indiv w 2021"]
[Site "Iasi ROU"]
[Date "2021.08.14"]
[Round "6.30"]
[White "Sliwicka, Alicja"]
[Black "Zherebtsova, Alexandra"]
[Result "1/2-1/2"]
[WhiteTitle "WIM"]
[BlackTitle "WFM"]
[WhiteElo "2306"]
[BlackElo "2188"]
[WhiteFideId "1150677"]
[BlackFideId "24129518"]
[EventDate "2021.08.09"]

1. e4 c5 2. Nf3 Nc6 3. d4 cxd4 4. Nxd4 Nf6 5. Nc3 e5 6. Ndb5 d6 7. Bg5 a6 8. Na3
b5 9. Nd5 Be7 10. Bxf6 Bxf6 11. c4 b4 12. Nc2 a5 13. g3 O-O 14. h4 Be6 15. b3
Bxd5 16. cxd5 Nb8 17. Bc4 Qc8 18. Kf1 Nd7 19. Ne3 Nc5 20. Qc2 Qd7 21. Kg2 a4 22.
Be2 Ra7 23. Nc4 Rb8 24. Rhb1 Be7 25. Bd1 Qc7 26. Qe2 axb3 27. axb3 Rba8 28. Rxa7
Qxa7 29. Ne3 Nxe4 30. Nf5 Nc3 31. Qg4 Bf6 32. Rc1 Qa3 33. Rc2 Qxb3 34. Ne3 g6
35. h5 Bg7 36. hxg6 hxg6 37. Bf3 Qa4 38. Rc1 Qb5 39. Nf1 Re8 40. Nd2 Qb6 41. Nc4
Qc7 42. Ne3 Rb8 43. Nd1 Qd8 44. Nxc3 bxc3 45. Be2 Rc8 46. Qb4 e4 47. Qxe4 Qe8
48. Qxe8+ Rxe8 49. Kf3 Rc8 50. Ke4 Rc5 51. Rc2 Kf8 52. Bf3 Ke7 53. Kd3 Kd7 54.
Ra2 Kc7 55. Kc2 Rb5 56. Be4 Kb6 57. g4 Kc5 58. Kd3 Rb4 59. f4 f5 60. gxf5 gxf5
61. Bxf5 Kxd5 62. Ra5+ Kc6 63. Ra6+ Kc5 64. Ra7 Bf6 65. Rf7 Bh8 66. Rf8 Rxf4 67.
Rxh8 Rxf5 68. Kxc3 Rf3+ 69. Kd2 d5 70. Ra8 Kd4 71. Ra4+ Ke5 72. Rh4 Ra3 73. Rg4
Kd6 74. Rh4 Kc5 75. Rg4 Rh3 76. Rf4 Rh2+ 77. Kd3 Rh1 78. Kd2 Rg1 79. Rh4 Rg3 80.
Ra4 Rg5 81. Rh4 d4 82. Rh8 Kc4 83. Rc8+ Rc5 84. Rxc5+ Kxc5 85. Kd3 Kd5 86. Kd2
Ke4 87. Ke2 d3+ 88. Kd2 Kd4 89. Kd1 Kc3 90. Kc1 d2+ 91. Kd1 Kd3 1/2-1/2

[Event "21st ch-EUR Indiv w 2021"]
[Site "Iasi ROU"]
[Date "2021.08.14"]
[Round "6.31"]
[White "Sedina, Elena"]
[Black "Gvanceladze, Anna"]
[Result "1-0"]
[WhiteTitle "IM"]
[BlackTitle "WFM"]
[WhiteElo "2279"]
[BlackElo "2182"]
[WhiteFideId "812153"]
[BlackFideId "4113721"]
[EventDate "2021.08.09"]

1. e4 c6 2. d4 d5 3. e5 Bf5 4. h4 h6 5. g4 Bd7 6. Nc3 c5 7. dxc5 e6 8. Be3 h5 9.
gxh5 Nh6 10. Bd3 Qc7 11. Nf3 Bxc5 12. Bxc5 Qxc5 13. Qd2 Nc6 14. Rg1 Nd4 15. Qe3
Nxf3+ 16. Qxf3 d4 17. Qxb7 Qxe5+ 18. Qe4 Qxe4+ 19. Nxe4 Nf5 20. Nc5 Nxh4 21. Be4
O-O-O 22. Rxg7 Rxh5 23. Nb7 Re5 24. O-O-O Rf8 25. Rxd4 1-0

[Event "21st ch-EUR Indiv w 2021"]
[Site "Iasi ROU"]
[Date "2021.08.14"]
[Round "6.32"]
[White "Makropoulou, Marina"]
[Black "Schulze, Lara"]
[Result "0-1"]
[WhiteTitle "WGM"]
[BlackTitle "FM"]
[WhiteElo "2186"]
[BlackElo "2269"]
[WhiteFideId "4200187"]
[BlackFideId "12956830"]
[EventDate "2021.08.09"]

1. e4 e5 2. Nf3 Nc6 3. Bb5 a6 4. Ba4 Nf6 5. O-O Bc5 6. c3 b5 7. Bb3 d6 8. a4 Ba7
9. d3 b4 10. a5 O-O 11. Bg5 Rb8 12. Bc4 h6 13. Bh4 g5 14. Nxg5 hxg5 15. Bxg5 Kg7
16. Nd2 Kg6 17. Nf3 Bg4 18. Be3 Rg8 19. Nh4+ Kh7 20. Qe1 Nh5 21. Nf5 Bxf5 22.
exf5 d5 23. Bxa6 Qf6 24. Qe2 Ng7 25. Bxa7 Nxa7 26. d4 exd4 27. cxd4 Nc6 28. Bd3
Nxd4 29. Qe3 Ngxf5 30. Qh3+ Kg7 31. a6 Kf8 32. a7 Ra8 33. Ra6 Qe5 34. Kh1 Rh8
35. Bxf5 Rxh3 36. Bxh3 Qe2 37. Rfa1 Qxb2 38. g3 Qc3 39. Bg2 c6 40. h4 b3 0-1

[Event "21st ch-EUR Indiv w 2021"]
[Site "Iasi ROU"]
[Date "2021.08.14"]
[Round "6.34"]
[White "Grigorieva, Yulia"]
[Black "Abdulla, Khayala"]
[Result "1-0"]
[WhiteTitle "WFM"]
[BlackTitle "WGM"]
[WhiteElo "2140"]
[BlackElo "2264"]
[WhiteFideId "34104868"]
[BlackFideId "13401807"]
[EventDate "2021.08.09"]

1. d4 Nf6 2. c4 e6 3. Nc3 Bb4 4. e3 O-O 5. Ne2 c6 6. a3 Ba5 7. Bd2 d5 8. Ng3 Re8
9. f4 c5 10. dxc5 e5 11. f5 Bxc3 12. Bxc3 d4 13. Bd2 e4 14. exd4 Qxd4 15. Bc3
Qe3+ 16. Be2 Nc6 17. Qd2 Ng4 18. O-O-O Qxd2+ 19. Rxd2 Nf2 20. Rf1 e3 21. Rd6 g6
22. fxg6 hxg6 23. h4 Ne7 24. Be1 Nf5 25. Nxf5 Bxf5 26. Bxf2 exf2 27. Rxf2 Re4
28. h5 Rae8 29. Kd2 R4e5 30. b4 R8e7 31. hxg6 Bxg6 32. Bd3 Bxd3 33. Rxd3 Re4 34.
Kc3 Rg4 35. g3 Ree4 36. Rf4 Rgxf4 37. gxf4 Rxf4 38. Rd7 Rf3+ 39. Kd4 Kg7 40.
Rxb7 Kf6 41. Rxa7 Ke6 42. b5 Rf4+ 43. Kc3 f5 44. b6 Rf3+ 45. Kd2 Rf2+ 46. Kd3
Rf3+ 47. Ke2 Rb3 48. Rh7 Ke5 49. b7 Ke4 50. c6 Rb2+ 51. Kd1 1-0

[Event "21st ch-EUR Indiv w 2021"]
[Site "Iasi ROU"]
[Date "2021.08.14"]
[Round "6.35"]
[White "Havanecz, Bianka"]
[Black "Pavlidou, Ekaterini"]
[Result "1-0"]
[WhiteTitle "WIM"]
[BlackTitle "WIM"]
[WhiteElo "2257"]
[BlackElo "2136"]
[WhiteFideId "704814"]
[BlackFideId "4213262"]
[EventDate "2021.08.09"]

1. d4 f5 2. c4 Nf6 3. Nf3 g6 4. g3 Bg7 5. Bg2 O-O 6. O-O d6 7. Nc3 c6 8. Re1 Ne4
9. Qc2 Nxc3 10. Qxc3 e5 11. dxe5 dxe5 12. e4 f4 13. b3 Qe7 14. c5 Be6 15. Bb2
Nd7 16. Rac1 Rf7 17. Nd2 Raf8 18. f3 fxg3 19. hxg3 Qg5 20. Nf1 Qh5 21. Rcd1 Bh3
22. Rd3 g5 23. Nh2 g4 24. fxg4 Bxg4 25. Rf1 Rxf1+ 26. Nxf1 Qf7 27. Qc2 Qe7 28.
b4 a5 29. a3 axb4 30. axb4 Qg5 31. Qd2 Qxd2 32. Nxd2 Nb8 33. Nb3 Be2 34. Rd6 Na6
35. Bc3 Bg4 36. Na5 Bc8 37. Nc4 Re8 38. Bf3 Be6 39. Bh5 Bf7 40. Bxf7+ Kxf7 41.
Rd7+ Re7 42. Nd6+ Ke6 43. Rxe7+ Kxe7 44. Nxb7 Nc7 45. Nd6 Ke6 46. Kf2 Bf6 47.
Ke2 Bg7 48. Kd3 Bf8 49. Nc4 Bg7 50. Na3 Kd7 51. Nc4 Ke6 52. Ne3 Nb5 53. Bb2 Bf6
54. Nc4 Nc7 55. g4 Bg7 56. Nd6 Bf8 57. Nf5 Ne8 58. Bc1 Be7 59. g5 Bf8 60. Kc4
Nc7 61. Nh4 Be7 62. Nf3 Bf8 63. Bb2 Bg7 64. Kb3 Nb5 65. Ka4 Nc7 66. Ka5 Nb5 67.
Kb6 Nd4 68. Bxd4 exd4 69. Kxc6 d3 70. b5 Bc3 71. b6 d2 72. Nxd2 Bxd2 73. Kb7 1-0

[Event "21st ch-EUR Indiv w 2021"]
[Site "Iasi ROU"]
[Date "2021.08.14"]
[Round "6.36"]
[White "Tsirulnik, Maritsa"]
[Black "Salimova, Nurgyul"]
[Result "0-1"]
[BlackTitle "IM"]
[WhiteElo "2046"]
[BlackElo "2382"]
[WhiteFideId "14118688"]
[BlackFideId "2915138"]
[EventDate "2021.08.09"]

1. d4 d5 2. c4 c6 3. cxd5 cxd5 4. Bf4 Nc6 5. e3 Nf6 6. Nc3 a6 7. Rc1 g6 8. h3
Bg7 9. Nf3 O-O 10. Bd3 Bd7 11. O-O Rc8 12. Ne5 Na5 13. b3 Be6 14. Na4 Nd7 15.
Nxd7 Bxd7 16. Nc5 Bc6 17. Qd2 Re8 18. Rfd1 e6 19. Bg3 Bf8 20. f3 Bh6 21. f4 Bf8
22. Be1 b6 23. Nxa6 Qd7 24. Nb4 Bb5 25. Qe2 Bxd3 26. Qxd3 Nb7 27. a4 Nd6 28. Na2
h5 29. Rxc8 Rxc8 30. Rc1 Ra8 31. Bb4 Nf5 32. Bxf8 Rxf8 33. Rc3 Qe7 34. Qc2 Kg7
35. Nc1 Ra8 36. Rc7 Qh4 37. Qd2 Qd8 38. Qc3 Nxe3 39. Ne2 Nc4 40. Rb7 Nd6 41. Rc7
Nc4 42. Rb7 Qc8 43. Re7 Kf6 44. Qb4 Ne3 45. Qd6 Nf5 46. Qc7 Qxc7 47. Rxc7 h4 48.
Kf2 b5 49. axb5 Ra3 50. Nc1 Ra5 51. b6 Rb5 52. b7 Nd6 53. Rd7 Nxb7 54. Nd3 Rxb3
55. Ne5 Kf5 56. Rxf7+ Ke4 57. Nxg6 Nd6 58. Rf6 Kxd4 59. Rxe6 Ne4+ 60. Ke2 Re3+
61. Kf1 Ng3+ 62. Kf2 Rxe6 63. Nxh4 Ne4+ 64. Kf3 Nd6 65. f5 Re4 66. g4 Nf7 67.
Ng6 Ne5+ 68. Kg3 Nxg6 69. fxg6 Re6 0-1

[Event "21st ch-EUR Indiv w 2021"]
[Site "Iasi ROU"]
[Date "2021.08.14"]
[Round "6.37"]
[White "Mkrtchyan, Mariam"]
[Black "Charochkina, Daria"]
[Result "1-0"]
[WhiteTitle "WFM"]
[BlackTitle "IM"]
[WhiteElo "2093"]
[BlackElo "2340"]
[WhiteFideId "13310828"]
[BlackFideId "4180917"]
[EventDate "2021.08.09"]

1. c4 Nf6 2. Nc3 Nc6 3. e4 e5 4. Nf3 Bb4 5. d3 a5 6. a3 Bc5 7. Nxe5 Bxf2+ 8.
Kxf2 Nxe5 9. d4 Ng6 10. e5 Ng8 11. h4 d6 12. exd6 Nf6 13. h5 O-O 14. hxg6 fxg6
15. Kg1 Ng4 16. Ne4 Bf5 17. c5 Qd7 18. Bc4+ Kh8 19. Ng5 h6 20. Bf4 cxd6 21. cxd6
Rac8 22. Be2 Rfe8 23. Bf3 Ne3 24. Qb3 Nc2 25. Rd1 Ne1 26. Be5 Nxf3+ 27. Qxf3 h5
28. Rd2 Rf8 29. Qe3 Bg4 30. Kh2 Rf5 31. Ne4 g5 32. Ng3 Rf7 33. Qxg5 h4 34. Qxh4+
Kg8 35. Ne4 Qf5 36. Ng5 Rf6 37. Bxf6 Qf4+ 38. Qg3 Qxf6 39. Qxg4 Qxd6+ 40. g3 1-0

[Event "21st ch-EUR Indiv w 2021"]
[Site "Iasi ROU"]
[Date "2021.08.14"]
[Round "6.38"]
[White "Tarasenka, Aliaksandra"]
[Black "Cosma, Elena-Luminita"]
[Result "0-1"]
[WhiteTitle "WFM"]
[BlackTitle "WGM"]
[WhiteElo "2061"]
[BlackElo "2311"]
[WhiteFideId "13514288"]
[BlackFideId "1201590"]
[EventDate "2021.08.09"]

1. d4 d5 2. c4 e6 3. Nc3 c6 4. e3 Nf6 5. Nf3 Nbd7 6. Bd3 dxc4 7. Bxc4 b5 8. Bd3
a6 9. a4 Bb7 10. O-O Be7 11. Qe2 b4 12. Ne4 c5 13. Nxc5 Nxc5 14. dxc5 Bxc5 15.
e4 Qb6 16. a5 Qa7 17. Bg5 Nd7 18. Rfd1 O-O 19. Rac1 Bc6 20. Be7 Rfc8 21. Bxc5
Nxc5 22. Ne5 Ba4 23. Re1 Nxd3 24. Rxc8+ Rxc8 25. Qxd3 Bb5 26. Qd2 Qc7 27. Nf3
Qxa5 28. Rd1 h6 29. h3 Be8 30. Qd6 Qb5 31. Ra1 a5 32. Nd4 Qc5 33. Qxc5 Rxc5 34.
Nb3 Rc2 35. Nxa5 Rxb2 36. Nc4 Rc2 37. Ra8 Rxc4 38. Rxe8+ Kh7 39. f3 Rc1+ 40. Kh2
b3 41. Rb8 Rc3 42. Kg3 Kg6 43. Kf4 h5 44. Rb5 f6 45. Kg3 e5 46. Rb7 Kh6 47. Rb6
Kg5 48. h4+ Kg6 49. Rb7 Kh7 50. Kh2 Rd3 51. Kg3 Kg8 52. Rb8+ Kf7 53. Rb7+ Kf8
54. Kh2 g6 55. Kg3 Rc3 56. Kf2 Rc2+ 57. Ke3 b2 58. g4 hxg4 59. fxg4 Rh2 60. Kf3
Rh3+ 61. Kg2 Rxh4 62. Kg3 Rh1 63. Rxb2 Kg7 64. Rb8 Rf1 65. g5 Rg1+ 66. Kh4 fxg5+
67. Kh3 g4+ 68. Kh4 g3 69. Kg5 Rf1 70. Rb7+ Rf7 71. Rb2 Rf4 72. Rb7+ Kf8 73. Rb3
g2 74. Rg3 Rf2 75. Kxg6 Ke7 76. Kh5 Kd6 77. Kg4 Kc5 78. Kh3 Kd4 79. Rg4 Ke3 80.
Kh2 Kf3 81. Rg3+ Kxe4 82. Kg1 Ra2 83. Rb3 Kf4 84. Rc3 e4 85. Rb3 e3 86. Rb1 Kf3
87. Rc1 Ra8 0-1

[Event "21st ch-EUR Indiv w 2021"]
[Site "Iasi ROU"]
[Date "2021.08.14"]
[Round "6.39"]
[White "Agrest, Inna"]
[Black "Sankova, Stella"]
[Result "1-0"]
[WhiteTitle "WIM"]
[BlackTitle "WFM"]
[WhiteElo "2281"]
[BlackElo "2100"]
[WhiteFideId "1708830"]
[BlackFideId "14944200"]
[EventDate "2021.08.09"]

1. e4 e6 2. d4 d5 3. Nc3 Nf6 4. Bg5 dxe4 5. Nxe4 Be7 6. Bxf6 gxf6 7. Nf3 f5 8.
Nc3 a6 9. Qe2 b5 10. O-O-O b4 11. Na4 Qd5 12. b3 Nd7 13. Qe3 Rg8 14. Rg1 Bb7 15.
Bc4 Qe4 16. Qd2 Bd6 17. Kb1 Qf4 18. Qxf4 Bxf4 19. d5 Ke7 20. Rge1 Rxg2 21. dxe6
Nf6 22. Nh4 Rg5 23. exf7+ Kf8 24. Nc5 1-0

[Event "21st ch-EUR Indiv w 2021"]
[Site "Iasi ROU"]
[Date "2021.08.14"]
[Round "6.40"]
[White "Sandu, Mihaela"]
[Black "Nastase, Andreea-Cristina"]
[Result "1-0"]
[WhiteTitle "WGM"]
[BlackTitle "WFM"]
[WhiteElo "2263"]
[BlackElo "2074"]
[WhiteFideId "1204327"]
[BlackFideId "1221183"]
[EventDate "2021.08.09"]

1. e4 c5 2. Nf3 d6 3. Bb5+ Nd7 4. O-O a6 5. Bd3 g6 6. c3 Bg7 7. Bc2 e6 8. d4
cxd4 9. cxd4 Ne7 10. Nc3 O-O 11. Bg5 h6 12. Bh4 g5 13. Bg3 e5 14. dxe5 Nxe5 15.
Nxe5 dxe5 16. Qe2 Nc6 17. Bb3 Nd4 18. Qd1 Be6 19. Bd5 Bxd5 20. Nxd5 Rc8 21. Ne3
Qb6 22. b3 Rfd8 23. Qh5 Nc2 24. Nxc2 Rxc2 25. h4 gxh4 26. Qxh4 Qf6 27. Rfd1 Qxh4
28. Bxh4 Rd4 29. Re1 Bf8 30. Bg3 f6 31. Rec1 Rdd2 32. Rxc2 Rxc2 33. Rd1 Rxa2 34.
Rd7 b5 35. Bh4 Bg7 36. Rd6 Kf7 37. Rb6 Ra1+ 38. Kh2 Ra3 39. b4 Ra4 40. f3 h5 41.
Rb7+ Kg6 42. Rb6 Rxb4 43. Rxa6 Rb1 44. f4 exf4 45. e5 Rb2 46. Kg1 Kf5 47. exf6
Bf8 48. f7 Kg4 49. Bf2 f3 50. Rg6+ Kf5 51. Rg8 Rb1+ 52. Kh2 fxg2 53. Rxf8 Kg6
54. Kxg2 Kg7 55. Rh8 Kxf7 56. Rxh5 Ke6 57. Kf3 Kd6 58. Ke4 Rb4+ 59. Bd4 Rb1 60.
Rh6+ Kc7 61. Kd5 Rc1 62. Rh7+ Kb8 63. Bc5 Rd1+ 64. Kc6 Rd8 65. Bd6+ Ka8 66. Rh1 1-0

[Event "21st ch-EUR Indiv w 2021"]
[Site "Iasi ROU"]
[Date "2021.08.14"]
[Round "6.41"]
[White "Navrotescu, Andreea"]
[Black "Zelbova, Lada"]
[Result "1-0"]
[WhiteTitle "WIM"]
[WhiteElo "2249"]
[BlackElo "2070"]
[WhiteFideId "675946"]
[BlackFideId "23717882"]
[EventDate "2021.08.09"]

1. d4 d5 2. c4 c6 3. Nf3 Nf6 4. Nc3 g6 5. cxd5 cxd5 6. Bf4 Nc6 7. e3 a6 8. Be2
Bg7 9. h3 O-O 10. O-O Bf5 11. Rc1 Ne4 12. Qb3 Nxc3 13. Rxc3 Qd7 14. Rfc1 h6 15.
Qb6 g5 16. Bg3 Rfc8 17. Rb3 Kh7 18. Rc5 Nd8 19. Rc7 Rxc7 20. Bxc7 Ne6 21. Be5
Nd8 22. g4 Be4 23. Bc7 Ne6 24. Qxb7 Nxc7 25. Rc3 Rc8 26. Nd2 e5 27. Bxa6 exd4
28. exd4 Bxd4 29. Qxc8 Qxc8 30. Bxc8 Bxc3 31. bxc3 Bc2 32. Bd7 Bd3 33. Nf3 Kg7
34. Nd4 Ba6 35. Kg2 Kf6 36. Kg3 Ne6 37. Bxe6 fxe6 38. h4 Bd3 39. h5 Ba6 40. a4
Bb7 41. f3 Bc8 42. Kf2 Bb7 43. Ke3 Bc8 44. a5 Ke5 45. Nb5 Bd7 46. Na3 Bc8 47.
Nc2 Kd6 48. f4 gxf4+ 49. Kxf4 e5+ 50. Kg3 Kc5 51. Ne3 d4 52. cxd4+ exd4 53. Nf5
d3 54. Kf2 Kb4 55. Ke3 Kc3 56. Nd6 d2 57. Ne4+ Kb4 58. Kxd2 Bxg4 59. a6 Bc8 60.
a7 Bb7 61. Nd6 Ba8 62. Nf5 Kc5 63. Nxh6 Kb6 64. Nf5 Kxa7 65. h6 1-0

[Event "21st ch-EUR Indiv w 2021"]
[Site "Iasi ROU"]
[Date "2021.08.14"]
[Round "6.42"]
[White "Ciolacu, Alessia-Mihaela"]
[Black "Petrenko, Svetlana"]
[Result "1-0"]
[WhiteTitle "WFM"]
[BlackTitle "IM"]
[WhiteElo "2241"]
[BlackElo "2018"]
[WhiteFideId "1252640"]
[BlackFideId "13900196"]
[EventDate "2021.08.09"]

1. d4 d5 2. c4 e6 3. Nf3 Nf6 4. g3 c6 5. Bg2 dxc4 6. O-O b5 7. Ne5 Bb7 8. a4 a6
9. axb5 axb5 10. Rxa8 Bxa8 11. Nc3 Qb6 12. e4 Be7 13. Be3 O-O 14. d5 c5 15. Ng4
exd5 16. exd5 Nbd7 17. Bg5 Bd8 18. Re1 Nxg4 19. Qxg4 Bxg5 20. Qxd7 b4 21. Ne4
Qd8 22. Qxd8 Bxd8 23. Nxc5 Bf6 24. Nd7 Rd8 25. Nxf6+ gxf6 26. Rc1 Bxd5 27. Bxd5
Rxd5 28. Rxc4 Rb5 29. b3 f5 30. Kf1 Kg7 31. Ke2 Kf6 32. Rh4 Ke5 33. Rxh7 Kd4 34.
Kd2 Ra5 35. Rh4+ Kc5 36. Rc4+ Kb5 37. Rf4 Ra7 38. Rxf5+ Kb6 39. h4 1-0

[Event "21st ch-EUR Indiv w 2021"]
[Site "Iasi ROU"]
[Date "2021.08.14"]
[Round "6.43"]
[White "Gajcin, Marina"]
[Black "Kostina, Veronika"]
[Result "1-0"]
[WhiteTitle "WIM"]
[WhiteElo "2219"]
[BlackElo "1801"]
[WhiteFideId "949086"]
[BlackFideId "34166235"]
[EventDate "2021.08.09"]

1. e4 c5 2. Nf3 d6 3. d4 cxd4 4. Nxd4 Nf6 5. Nc3 Nc6 6. Bg5 Qb6 7. Nb3 e6 8. Qd2
a6 9. f3 Qc7 10. O-O-O b5 11. Nd4 Bb7 12. Kb1 Be7 13. Bxf6 gxf6 14. Nxc6 Bxc6
15. Bd3 O-O-O 16. Rhe1 Kb7 17. Qe3 Rd7 18. a3 h5 19. Bf1 Kb8 20. f4 Qa7 21. f5
Qxe3 22. Rxe3 Ka7 23. Ne2 e5 24. Nc3 Bf8 25. Rh3 Kb6 26. Rh4 Bb7 27. Be2 Rd8 28.
Rxh5 Be7 29. h3 Rhg8 30. Bf3 Rg7 31. Rd2 Rdg8 32. Nd1 Rg5 33. Rh7 R5g7 34. Rh6
Rc8 35. Ne3 Rgg8 36. Ng4 Rc4 37. Nxf6 Rd8 38. Nd5+ Bxd5 39. Rxd5 f6 40. Rh7 Rc7
41. c3 Rdd7 42. g4 Bf8 43. Rh8 Bg7 44. Re8 Kc6 45. h4 Re7 46. Rg8 Rf7 47. g5 Rf8
48. Rxf8 Bxf8 49. g6 Bg7 50. Be2 Ra7 51. Kc2 Ra8 52. a4 Rh8 53. axb5+ axb5 54.
h5 Rb8 55. Kb3 Ra8 56. Bxb5+ Kc7 57. Rd1 Rb8 58. Kc4 Rh8 59. Rh1 Bh6 60. Kd5 Rb8
61. c4 Rb6 62. Rg1 Rb8 63. g7 Rg8 64. Rg6 1-0

[Event "21st ch-EUR Indiv w 2021"]
[Site "Iasi ROU"]
[Date "2021.08.14"]
[Round "6.44"]
[White "Obada, Ema"]
[Black "Hapala, Elisabeth"]
[Result "0-1"]
[WhiteTitle "WCM"]
[BlackTitle "WFM"]
[WhiteElo "1981"]
[BlackElo "2160"]
[WhiteFideId "1234803"]
[BlackFideId "1622080"]
[EventDate "2021.08.09"]

1. e4 c5 2. Nf3 e6 3. d4 cxd4 4. Nxd4 Nc6 5. Nc3 Qc7 6. Be2 a6 7. Be3 Nf6 8. O-O
Bb4 9. Bd3 Ne5 10. Bf4 d6 11. Nce2 Nxd3 12. cxd3 Bc5 13. Bg5 Ng4 14. b4 d5 15.
g3 h6 16. Bd2 Ba7 17. h3 Nf6 18. Rc1 Qd6 19. Be3 dxe4 20. dxe4 Nxe4 21. Qc2 Ng5
22. Qxc8+ Rxc8 23. Rxc8+ Ke7 24. Rxh8 Nxh3+ 25. Kh2 Ng5 26. Rc1 Qxb4 27. Nf5+
exf5 28. Bxa7 Nf3+ 29. Kg2 Qe4 30. Nf4 g5 31. Bc5+ Kf6 32. Bf8 gxf4 33. Rxh6+
Kg5 34. gxf4+ Kxf4 35. Kf1 Nd2+ 36. Kg1 Kg5 37. Rh3 Nf3+ 38. Kf1 f4 39. Rc5+ Kg4
40. Rhh5 Qe1+ 0-1

[Event "21st ch-EUR Indiv w 2021"]
[Site "Iasi ROU"]
[Date "2021.08.14"]
[Round "6.45"]
[White "Pancu, Aureliana-Eugenia"]
[Black "Cosman, Andreea-Marioara"]
[Result "0-1"]
[BlackTitle "WFM"]
[WhiteElo "1862"]
[BlackElo "2143"]
[WhiteFideId "1226355"]
[BlackFideId "1217968"]
[EventDate "2021.08.09"]

1. Nf3 Nf6 2. g3 g6 3. Bg2 Bg7 4. O-O O-O 5. d3 d5 6. Nbd2 c5 7. e4 Nc6 8. c3 e5
9. exd5 Nxd5 10. Ne4 b6 11. Qc2 h6 12. Rd1 Bg4 13. h3 Be6 14. Kh2 Rc8 15. Qe2
Rc7 16. Ned2 Re8 17. Nf1 Bc8 18. Ne1 Rd7 19. Ne3 Nxe3 20. Bxe3 Qc7 21. h4 Bb7
22. Qc2 Ne7 23. Bh3 Rdd8 24. Qc1 Kh7 25. Qc2 f5 26. Bg2 f4 27. Bxb7 Qxb7 28.
gxf4 Nf5 29. Ng2 exf4 30. Bxf4 Qf3 31. Bg3 Nxg3 32. Ne1 Rxe1 33. Rxe1 Nf5 34.
Qe2 Nxh4 35. Qxf3 Nxf3+ 36. Kg3 Nxe1 37. Rxe1 Rxd3+ 0-1

[Event "21st ch-EUR Indiv w 2021"]
[Site "Iasi ROU"]
[Date "2021.08.14"]
[Round "6.46"]
[White "Petrova, Irina"]
[Black "Levitan, Ronit"]
[Result "1/2-1/2"]
[WhiteTitle "WIM"]
[BlackTitle "WCM"]
[WhiteElo "2110"]
[BlackElo "2012"]
[WhiteFideId "14124122"]
[BlackFideId "2815109"]
[EventDate "2021.08.09"]

1. e4 e5 2. Nf3 Nc6 3. Bb5 a6 4. Ba4 Nf6 5. d3 d6 6. c4 g6 7. Nc3 Bg7 8. Nd5 O-O
9. Bg5 Na7 10. Nxe5 c6 11. Nxf6+ Bxf6 12. Bxf6 Qxf6 13. Nf3 b5 14. Bb3 Qxb2 15.
O-O Bg4 16. h3 Bxf3 17. Qxf3 c5 18. Qe3 a5 19. Rab1 Qf6 20. cxb5 Nxb5 21. Bxf7+
Qxf7 22. Rxb5 Qxa2 23. f4 a4 24. Qc1 a3 25. Rb7 Qe6 26. Qa1 Qf6 27. Qa2+ Kh8 28.
Rb3 Qd4+ 29. Kh1 c4 30. dxc4 Qxe4 31. Rxa3 Rxa3 32. Qxa3 Qxc4 33. Qf3 d5 34. g4
d4 35. f5 gxf5 36. gxf5 d3 37. Rd1 Rd8 38. f6 Qd5 39. Qxd5 Rxd5 40. Kg2 Kg8 41.
Kf3 Kf7 42. Ke4 Rd8 1/2-1/2

[Event "21st ch-EUR Indiv w 2021"]
[Site "Iasi ROU"]
[Date "2021.08.14"]
[Round "6.47"]
[White "Froewis, Annika"]
[Black "Babayeva, Nasrin"]
[Result "0-1"]
[WhiteTitle "WFM"]
[WhiteElo "2107"]
[BlackElo "1889"]
[WhiteFideId "1621432"]
[BlackFideId "13416626"]
[EventDate "2021.08.09"]

1. d4 d6 2. e4 g6 3. Nc3 Bg7 4. Be3 a6 5. Qd2 b5 6. h4 h6 7. f3 Nd7 8. a4 b4 9.
Nd1 a5 10. Bb5 Bb7 11. d5 e6 12. dxe6 fxe6 13. Bc4 Qe7 14. c3 Ne5 15. Bb3 Ba6
16. Ne2 Nd3+ 17. Kf1 Nf6 18. Kg1 Nd7 19. Nf4 Nxf4 20. Bxf4 Rb8 21. Bc2 Qf7 22.
Be3 Ne5 23. Rh3 Nc4 24. Qc1 bxc3 25. bxc3 Ke7 26. Bf2 Rb7 27. f4 Rf8 28. Rf3
Rfb8 29. e5 Nb2 30. Qd2 Nc4 31. Qd4 dxe5 32. fxe5 Qe8 33. Qc5+ Kd8 34. Bd4 Rb6
35. Be4 Nd2 36. Nf2 Nxf3+ 37. Bxf3 Rb1+ 38. Rxb1 Rxb1+ 39. Kh2 Qe7 40. Qxa5
Qxh4+ 41. Nh3 Bc8 42. Qc5 g5 43. a5 g4 44. Bf2 Qh5 45. Qd4+ Bd7 46. Bxg4 Bxe5+
47. Bg3 Bxd4 48. Bxh5 Bxc3 49. a6 Ra1 50. Be2 Bc8 51. Nf4 e5 52. Bh4+ Ke8 53.
Nd5 Bd4 54. Nxc7+ Kd7 55. Nb5 Bxa6 56. Nxd4 exd4 57. Bg4+ Kc6 58. Bf6 Kc5 59.
Bg7 Bb7 60. Bxh6 d3 61. Bf8+ Kc4 62. Bh6 Ra2 63. Bc1 Rxg2+ 64. Kh3 d2 0-1

[Event "21st ch-EUR Indiv w 2021"]
[Site "Iasi ROU"]
[Date "2021.08.14"]
[Round "6.48"]
[White "Katkov, Michelle"]
[Black "Hercog, Nusa"]
[Result "1-0"]
[WhiteTitle "WFM"]
[BlackTitle "WFM"]
[WhiteElo "2173"]
[BlackElo "2000"]
[WhiteFideId "2816393"]
[BlackFideId "14614324"]
[EventDate "2021.08.09"]

1. e4 c5 2. c3 Nf6 3. e5 Nd5 4. d4 cxd4 5. cxd4 d6 6. Nf3 Nc6 7. Bc4 e6 8. O-O
Be7 9. exd6 Qxd6 10. Nc3 O-O 11. Re1 Rd8 12. Bb3 Nf6 13. Be3 a6 14. a3 b5 15.
Bc2 Bb7 16. Qd3 Rac8 17. Rad1 Na5 18. d5 Nc4 19. Ne4 Nxe4 20. Qxe4 f5 21. Qxe6+
Qxe6 22. dxe6 Nxe3 23. Rxd8+ Bxd8 24. Bb3 Nc4 25. e7 Bxe7 26. Rxe7 Bxf3 27. gxf3
Rc6 28. Re2 Kf8 29. Kf1 Rh6 30. Bxc4 bxc4 31. Re5 Rb6 32. Rxf5+ Ke7 33. Rc5 Rxb2
34. Rxc4 Rb6 35. Rc7+ Kf6 36. Ra7 h5 37. a4 g6 38. Kg2 Kg5 39. Kg3 Rc6 40. a5
Rd6 41. f4+ Kf5 42. Rf7+ Ke4 43. f3+ Kd4 44. Re7 Rf6 45. Re5 Kc4 46. h3 Kb4 47.
Rg5 Ka4 48. f5 Rxf5 49. Rxg6 Kxa5 50. f4 Rf8 51. h4 Kb5 52. Rg5+ Kb4 53. f5 a5
54. Kf4 a4 55. Ke5 a3 56. f6 a2 57. Rg1 Kb3 58. Ke6 Rg8 59. Rf1 Kb2 60. f7 Ra8
61. Ke7 Ra7+ 62. Ke6 Ra6+ 63. Ke7 Ra7+ 64. Kf6 Ra6+ 65. Kg7 Ra7 66. Kg8 Ra8+ 67.
f8=Q Rxf8+ 68. Kxf8 a1=Q 69. Rxa1 Kxa1 70. Kf7 1-0